000 00249nam a22001097a 4500
082 _a621.381528 SHO
100 _aSHOUKAT ALI HAIDERI
_975091
245 _aTRANSISTOR MECHANIC
260 _aLAHORE
_bFEROZE SONS
_c1980
300 _a110P
942 _cBK
999 _c580578
_d580578